Quizz Général Harry Potter - Statistiques

Statistiques générales
  • Ce quiz a été pris 511 fois
  • Le résultat moyen est 16 sur 25
Statistiques - réponses
Question Réponse % Correct
Quelle langue Harry a-t-il la faculté de parler ? (facile) Fourchelangue
96%
Comment s’appelle la carte qui sert à Harry lors de sa troisième année ? (facile) La carte du maraudeur
94%
Comment s’appelle la tante d’Harry ? (facile) Pétunia
90%
Comment s’appelle l’hippogriffe d’Hagrid ? (facile) Buck
87%
Lors de sa première année, Harry pioche la carte d’une célébrité dans un paquet de chocogrenouille, laquelle ? (facile) Albus Dumbledore
83%
Quel est la particularité du professeur Lupin ? (facile) C'est un loup garou
83%
En quoi consiste le métier d’Arthur Weasley ? (difficile) Il répare les dégats causés par les inventions des sorciers sur les moldus
79%
Quels noms utilisent les maraudeurs ? (moyen) Patmol, Lunard, Queudver et Cornedrue
79%
Que donne le professeur Lupin à Harry après qu’il se soit évanoui ? (facile) Du chocolat
78%
De quoi est composée la baguette d’Harry ? (moyen) D'une plume de phénix
74%
A quoi ressemble le patronus d’Olores Ombrage ? (moyen) Un chat
69%
Qui est la propriétaire de l’enseigne « Les trois balais » ? (moyen) Madame Rosmerta
67%
Quel métier souhaite faire Harry lors de ses études ? (facile) Auror
66%
Lors de sa deuxième année, Harry atterit dans une boutique après voir utilisée la poudre de cheminette. De quel boutique s’agissait-il ? (difficile) Chez Barjo et Beurk
64%
Quel est le nom de jeune fille de Molly Weasley ? (impossible) Prewett
58%
Quel est l’épouvantard d’Hermione ? (difficile) Mcgonagall lui annonçant qu'elle a raté ses examens
56%
Pourquoi Ron a-t-il peur des araignées ? (impossible) Fred a métamorphosé son ourson en peluche en araignée étant petit
52%
A qui appartient réellement la moto d’Hagrid ? (moyen) Sirius
51%
Comment entre-t-on dans la salle commune des serpentards ? (difficile) En prononçant un mot de passe
48%
Quel sort est utilisé pour protéger Lily et James Potter avant leur mort ? (difficile) Le sort de fidélitas
46%
Comment s’appelle l’elfe de maison de Barty Croupton ? (difficile) Winky
45%
Qui est le gardien des secrets des Potter ? (moyen) Queudver
40%
Qui a inventé la poudre de cheminette ? (impossible) Ignatia Wildsmith
35%
Quelle est la date de naissance d’Harry Potter ? (moyen) 31 juillet 1980
30%
Combien de sœurs à Gilderoy Lockhart ? (impossible) 2
19%
Aucun quiz correspondant
Distribution des résultats
% des personnes avec chaque résultat
Percentile par nombre de réponses
Votre historique - résultats
Vous n’avez pas pris ce quiz